El Nou dret urbanístic / Carles Pareja i Lozano
ISBN:
84-7248-610-9
Descripción Física:
228 p. ; 24 cm
Colección:
Monografies Jurídiques
MARC
| LEADER | 00000nam a2200000Ia 4500 | ||
|---|---|---|---|
| 001 | 17458 | ||
| 008 | 160829s1998 xx 000 0 cat d | ||
| 020 | |a 84-7248-610-9 | ||
| 080 | |a D-3-96 | ||
| 100 | |a Pareja i Lozano, Carles |9 23475 | ||
| 245 | |a El Nou dret urbanístic / Carles Pareja i Lozano | ||
| 260 | |a Madrid : |b Marcial Pons, ediciones jurídicas y sociales, |c 1998 | ||
| 300 | |a 228 p. ; |c 24 cm | ||
| 490 | |a Monografies Jurídiques | ||
| 590 | |a Bibliografia | ||
| 650 | 0 | |a Dret urbanístic |z Espanya |9 11118 | |
| 650 | 0 | |a Dret urbanístic |z Catalunya |9 10727 | |
| 901 | |a Arxiu | ||
| 942 | |n 1 | ||
| 952 | |0 1 |1 0 |2 udc |4 0 |5 2 |6 D396 |7 1 |9 42723 |a Arxiu |b Arxiu |d 2016-12-01 |l 0 |o D-3-96 |p 17458 |r 2016-12-01 00:00:00 |w 2016-12-01 |y ARXIU | ||
| 999 | |c 45229 |d 45229 | ||